| 000 | 00982cam a2200289 i 4500 | ||
|---|---|---|---|
| 001 | 200464940 | ||
| 003 | TR-AnTOB | ||
| 005 | 20250730120743.0 | ||
| 007 | ta | ||
| 008 | 250730n tu a|||j |||| 00| j tur d | ||
| 020 | _a9786257982948 | ||
| 040 |
_aTR-AnTOB _beng _erda _cTR-AnTOB |
||
| 041 | 0 | _atur | |
| 050 | 1 | 4 |
_aPZ90.T8 _bÇ45 |
| 090 |
_aJUN PZ90.T8 _bÇ45m |
||
| 100 | 1 |
_aÇelebi, Yusuf _9149536 _eauthor |
|
| 245 | 1 | 0 |
_aMatematik beyin takımı : _bNewton ve geometrik örüntü "şekiller-cisimler" / _cYusuf Çelebi ; ressam Zeynep Durusu. |
| 246 | 1 | 4 | _aMatematik öyküleri beyin takımı. |
| 264 | 1 |
_a[Place of publication not identified] : _bModel Çocuk, _c[date of publication not identified]. |
|
| 300 |
_a48 pages : _billustrations ; _c20 cm |
||
| 336 |
_atext _btxt _2rdacontent |
||
| 337 |
_aunmediated _bn _2rdamedia |
||
| 338 |
_avolume _bnc _2rdacarrier |
||
| 700 | 1 |
_aDurusu, Zeynep _eillustrations _9149537 |
|
| 942 |
_cBK _2lcc |
||
| 999 |
_c200464940 _d83152 |
||